| 000 | 00838nam a2200229Ia 4500 | ||
|---|---|---|---|
| 003 | OSt | ||
| 005 | 20241010113811.0 | ||
| 008 | 210210b1999 xxu||||| |||| 00| 0 eng d | ||
| 040 | _cAL | ||
| 041 | _aKannada | ||
| 082 | _aK894.8 NAYD | ||
| 100 |
_aNAYAKA (Ha Ma), Ed. _9109844 _dನಾಯಕ (ಹಾ ಮಾ). |
||
| 245 |
_a D V G Krati shreni. Samputa 10 : Kavya -2, Bidi barahagalu. _bಡಿವಿಜಿ ಕೃತಿ ಶ್ರೇಣಿ ಸಂಪುಟ ೧೦ : ಕಾವ್ಯ -೨, ಬಿಡಿ ಬರಹಗಳು |
||
| 260 |
_aBengaluru. _bKannada Mattu Samskrathi Nirdeshanalaya., _c1999 |
||
| 300 | _axxiv,499 | ||
| 440 |
_a10 _9109845 |
||
| 650 |
_aUmarana Osage Shrirama ParikshanamShrangaramangalam _9109846 |
||
| 651 |
_aDi Vi Gi _9109847 |
||
| 690 |
_aKannada Miscellaneou _9109848 |
||
| 906 | _a05770 | ||
| 942 |
_2ddc _cBK |
||
| 999 |
_c105253 _d105253 |
||